| 000 | 01184nam a22002657a 4500 | ||
|---|---|---|---|
| 005 | 20180210112440.0 | ||
| 008 | 131126b xxu||||| |||| 00| 0 eng d | ||
| 010 | _aPUN-7720 B-577635-638 B-669930 | ||
| 020 | _c350.00 | ||
| 035 | _aPN-6838 B-577635-638 | ||
| 035 | _aB-669930 | ||
| 037 | _bDBAD / PUB | ||
| 037 | _bBPPD/KKP | ||
| 040 |
_adpl _bpn |
||
| 082 | _aਓ | ||
| 100 | _aਸਹਿਰਾਈ,ਹਰਨਾਮ ਦਾਸ | ||
| 245 |
_aਨਿਸਚੈ ਕਰਿ ਅਪਨੀ ਜੀਤ ਕਰੋ / _cਹਰਨਾਮ ਦਾਸ ਸਹਿਰਾਈ |
||
| 246 |
_aNische kar apni jeet karo _bby Harnam Dass Seharai |
||
| 260 |
_aDelhi _bArsee Publishers _c2013 |
||
| 270 |
_bDelhi _aChandni Chowk _k011-65966481 |
||
| 300 | 4 |
_a236p. _c22ਸੇਂਮੀ (ਸਜਿਲੱਦ) |
|
| 942 |
_2ddc _cPN _hਓ _mਸਹਿਰਾ |
||
| 999 |
_c80867 _d80867 |
||